000 01046nmm a2200325 a 4500
001 0000020315
003 CO-CtgCURN
005 20250515223934.0
007 co cga---uuuuu
007 ta
008 160627s2004 i eng d
020 _a9586531058
040 _aCO-CtgCURN
_bspa
_ccoctgcurn
082 0 _a347.05
_bL514
110 2 _aLegis.
245 1 0 _aCódigo de procedimiento civil
_h[electronic resource] /
_cLegis.
250 _a13a ed.
260 _aBogotá :
_bLegis,
_c2004.
300 _a628 p.+ 1 Cd - Rom.
336 _2rdacontent
337 _2rdamedia
_asin mediacion
_bn
338 _2rdacarrier
_avolumen
_bnc
490 1 _aColección códigos basicos
500 _aContiene indice general.
505 8 _aSujetos del proceso -- Actos procesales -- Los procesos -- Medidas cautelares -- Cuestiones varias -- Suplementos
650 1 4 _aDerecho
_vProcedimiento civil.
908 _a160627
942 _cBK
_h347.05
_iL514
_2ddc
_n0
999 _c20447
_d20447